Aktuálne možnosti a problémy pri výrobe a využití bioplynu bakalárska práca

Gespeichert in:
Bibliographische Detailangaben
1. Verfasser: Mudrý, Marián
Körperschaft: Podnikovohospodárska fakulta EU so sídlom v Košiciach. Katedra marketingu a obchodu
Weitere Verfasser: Naščáková, Jana
Format: Buch
Sprache:Slowakisch
Veröffentlicht: Košice 2010
Tags: Tag hinzufügen
Keine Tags, Fügen Sie das erste Tag hinzu!

MARC

LEADER 00000nbm a2200000 4500
001 0132715
005 20161109111438.6
041 0 |a slo 
044 |a SK 
245 1 0 |a Aktuálne možnosti a problémy pri výrobe a využití bioplynu  |b bakalárska práca  |c Marián Mudrý ; školiteľ: Jana Naščáková 
264 1 |a Košice  |c 2010 
300 |a 51 s. 
100 1 |a Mudrý, Marián 
700 1 |a Naščáková, Jana 
710 2 |a Podnikovohospodárska fakulta EU so sídlom v Košiciach. Katedra marketingu a obchodu